Technology and home economics : (Record no. 68538)

MARC details
000 -LEADER
fixed length control field 00715nam a22002177i 4500
003 - CONTROL NUMBER IDENTIFIER
control field URS
005 - DATE AND TIME OF LATEST TRANSACTION
control field 20230307111405.0
008 - FIXED-LENGTH DATA ELEMENTS--GENERAL INFORMATION
fixed length control field 160805b xxu||||| |||| 00| 0 eng d
020 ## - INTERNATIONAL STANDARD BOOK NUMBER
International Standard Book Number 971231345X
050 00 - LIBRARY OF CONGRESS CALL NUMBER
Classification number TX943
Item number M3135 1994
100 1# - MAIN ENTRY--PERSONAL NAME
Personal name Mangalindan, Fe S.J. Ph.D.
245 10 - TITLE STATEMENT
Title Technology and home economics :
Remainder of title a textbook in technology and home economics for second year high school /
Statement of responsibility, etc. Fe S.J. Mangalindan, Ph.D.
264 #1 - PRODUCTION, PUBLICATION, DISTRIBUTION, MANUFACTURE, AND COPYRIGHT NOTICE
Place of production, publication, distribution, manufacture Manila
Name of producer, publisher, distributor, manufacturer Rex Book Store
Date of production, publication, distribution, manufacture, or copyright notice 1994.
300 ## - PHYSICAL DESCRIPTION
Extent xi, 239 p.
Other physical details ill.;
Dimensions 25 cm.
336 ## - CONTENT TYPE
Content type term text
Content type code txt
Source rdacontent
337 ## - MEDIA TYPE
Media type term unmediated
Media type code n
Source rdamedia
338 ## - CARRIER TYPE
Carrier type term volume
Carrier type code nc
Source rdacarrier
650 #0 - SUBJECT ADDED ENTRY--TOPICAL TERM
Topical term or geographic name entry element Home Economics
700 1# - ADDED ENTRY--PERSONAL NAME
Personal name de Guzman, Dionisia G. Ph.D.
942 00 - ADDED ENTRY ELEMENTS (KOHA)
Koha item type Filipiniana
Source of classification or shelving scheme Library of Congress Classification
Holdings
Withdrawn status Source of classification or shelving scheme Damaged status Not for loan Collection code Home library Current library Shelving location Date acquired Total Checkouts Full call number Barcode Date last seen Price effective from Koha item type
  Library of Congress Classification     Non-fiction Tanay College Library Tanay College Library General Stacks 02/17/2017   TX943 M3135 1994 URSTAN-15234 04/22/2015 04/22/2015 Filipiniana
  Library of Congress Classification     Non-fiction Tanay College Library Tanay College Library General Stacks 08/05/2016   TX943 M31 1994 URSTAN-15233 07/24/2017 08/05/2016 Filipiniana
  Library of Congress Classification     Non-fiction Tanay College Library Tanay College Library General Stacks 07/24/2017   TX943 M3135 1994 URSTAN-15231 07/24/2017 07/24/2017 Filipiniana
  Library of Congress Classification       Tanay College Library Tanay College Library   02/21/2023   TX943 M3135 1994 URSTAN-D1561 02/21/2023 02/21/2023 Filipiniana

University of Rizal System
Email us at univlibservices@urs.edu.ph

Visit our Website www.urs.edu.ph/library